zpět

Detail výsledku týmu

Klub Tyjátr, Svitavy

Datum a čas kvízu

33 Celkem bodů Celkový počet nahraných bodů na tomto kvízu bez doplňovacích otázek.
3. Pořadí na kvízu Konečné umístění týmu na tomto kvízu.

Zaznamenané odpovědi

# Otázka Odpověď Body Výsledky
1. Který český politik a lékař če... Bohuslav Svoboda 1
2. Humanoidní robot Muhammad na v... osahával ženu 1
3. 14. března vstoupil do českých... Monty Python a Svatý Grál 1
4. Automobilka Škoda představila... Epiq 0
5. Ke kuriózní situaci došlo v zá... Arsenal, Chelsea 0.5
6. Téma začneme v Evropě. Seřaďte... 1D 2C 3B 4A 1
7. Vůdcem Kuby byl několik deseti... Raúl 1
8. Jak se jmenuje tento živočich... fosa 1
9. Jak se jmenuje nejlidnatější s... Indonésie, Jakarta 1
10. Jak se jmenuje ostrovní stát,... Papua Nová Guinea 0